MDQL
is popping MORE tags! Check the
thread
!
Quizzes
Events
Quiz Creation
Community
Videos
Private Events
Remove Ads
Sign In
Join for FREE
Feedback
Dark Mode
Quiz Categories
Sports
Geography
Music
Movies
Television
Just For Fun
Miscellaneous
History
Literature
Language
Science
Gaming
Entertainment
Religion
Holiday
For Kids
Quiz Lab
Recent
Popular Today
Quiz Kudos Today
Editor Picks
Curator Picks
Quizzes by...
Day
Popularity
Type
Ratings
Length
Year
Community
Subscriptions
Recent Discussions
Orange Saloon
Badges
Playlists
Quests
Create
Leaderboards
Showdown
Live 5
Trivia Bingo
Activity
Puzzle Library
Sporcle Events
Private Events
Virtual Trivia
Globe League
Become a Host
Pub Owners
SporcleCon
Opinionation
Our Games
Videos
Blog
Mobile Apps
Partnerships
Remove Ads and Go Orange
Feedback
Sports
Athletes
MLB
NBA
NHL
NFL
Soccer
Sports Teams
WWE
NCAA
Football
Premier League
Basketball
Baseball
Hockey
Golf
Tennis
Cricket
Rugby
Auto Racing
Olympics
World Cup
Sports
Athletes
MLB
NBA
NHL
NFL
Soccer
Sports Teams
WWE
NCAA
Football
Premier League
Basketball
Baseball
Hockey
Golf
Tennis
Cricket
Rugby
Auto Racing
Olympics
World Cup
Random Quiz
Search Sporcle
×
Quiz Lab
Quiz Lab
Sports
Golf
Type in answers that appear in a list
Type in answers that appear in a list
Classic
Best Score? Go Orange.
Current PGA Tour Winners Stats
Can you name the Current PGA Tour Winners?
By
jpalmer7678
10m
47 Questions
85 Plays
85 Plays
85 Plays
Comments
Comments
Give Quiz Kudos
Give Quiz Kudos
-
- Ratings
hide this ad
Replay
Link that replays current quiz
Next Quiz
Link to next quiz in quiz playlist
You Got
0%
They Got
Avg Score
59%
Avg Friend Score
Upgrade to see
Score Distribution
Jump to the score distribution portion of the page
Score
0/47
Timer
10:00
0
Plays Today
Tournament
Player
% Correct
Farmers Insurance Open
Tiger Woods
95.3%
Arnold Palmer Invitational presented by MasterCard
Tiger Woods
95.3%
AT&T National
Tiger Woods
95.3%
Hyundai Tournament of Champions
Dustin Johnson
88.2%
Waste Management Phoenix Open
Phil Mickelson
88.2%
John Deere Classic
Zach Johnson
88.2%
PGA Championship
Rory McIlroy
85.9%
Deutsche Bank Championship
Rory McIlroy
85.9%
BMW Championship
Rory McIlroy
85.9%
THE PLAYERS Championship
Tiger Woods
83.5%
the Memorial Tournament presented by Nationwide Insurance
Matt Kuchar
83.5%
Masters Tournament
Adam Scott
78.8%
World Golf Championships-
Cadillac Championship
Tiger Woods
77.6%
The Open Championship
Ernie Els
74.1%
World Golf Championships-
Accenture Match Play
Matt Kuchar
71.8%
United States Open
Justin Rose
71.8%
FedEx St. Jude Classic
Harris English
69.4%
The Honda Classic
Michael Thompson
68.2%
Crowne Plaza Invitational at Colonial
Boo Weekley
67.1%
AT&T Pebble Beach National Pro-
Am
Brandt Snedeker
64.7%
Tampa Bay Championship
Kevin Streelman
64.7%
TOUR Championship by Coca-
Cola
Brandt Snedeker
64.7%
Shell Houston Open
DA Points
60%
Wyndham Championship
Sergio Garcia
60%
Tournament
Player
% Correct
World Golf Championships-
Bridgestone Invitational
Keegan Bradley
57.6%
Wells Fargo Championship
Derek Ernst
56.5%
World Golf Championship-
HSBC Champions
Ian Poulter
56.5%
Zurich Classic of New Orleans
Billy Horschel
50.6%
HP Byron Nelson Championship
Sang-Moon Bae
47.1%
Humana Challenge in Partnership with the Clinton Foundation
Brian Gay
45.9%
The Barclays
Nick Watney
45.9%
CIMB Classic
Nick Watney
45.9%
Sony Open in Hawaii
Russell Henley
44.7%
RBC Heritage
Graeme McDowell
43.5%
Valero Texas Open
Martin Laird
41.2%
RBC Canadian Open
Scott Piercy
36.5%
Shriners Hospital for Children Open
Ryan Moore
36.5%
OHL Classic at Mayakoba
John Huh
36.5%
Northern Trust Open
John Merrick
35.3%
True South Classic
Scott Stallings
35.3%
The McGladrey Classic
Tommy Gainey
35.3%
Frys.com Open
Jonas Blixt
34.1%
The Presidents Cup
United States of America
32.9%
Puerto Rico Open presented by seepuertorico.com
Scott Brown
31.8%
Travelers Championship
Marc Leishman
31.8%
The Greenbrier Classic
Ted Potter, Jr.
31.8%
Reno-
Tahoe Open
J.J. Henry
31.8%
Quiz Playlist
Details
Report
Send in Message
Add To Playlist
Classic:
Type in answers that appear in a list
Quiz Source
Last Updated: Feb 16, 2017
Quiz Scoreboard
CHALLENGE
Sign Up to Join the Scoreboard
Show All
Scores
Hide
Comments
May contain spoilers
Recently Published
1-10 Letter E Words III
by El_Dandy
Language
2m
Street Fighter Characters
by Artimus82
Gaming
60s
College Basketball Coaching Resumes
by pancakes188
Sports
9m
More to Explore
Quiz From the Vault
Featured Blog Post
Where Did the Easter Bunny Come From?
hide this ad
You Might Also Like...
Tags
Golf Quiz
Today's Top Quizzes in Sports
Browse Sports
hide this ad
Today's Top Quizzes in Golf
Browse Golf
Top Contributed Quizzes in Sports
1
2022 World Cup Stars
2
Les meilleurs buteurs des matchs entre le PSG et l’OM
3
FIFA Club World Cup Champions
4
Les entraîneurs de l'OM et du PSG au 21e siècle
5
Criteria MLB: Left Handed Sluggers
6
2023 MLB Unique Player Accomplishments
7
AFC Teams Reveal (Wrong Answers Minefield)
8
Players with Multiple 50 Home Run Seasons
9
5-to-1: FBS Animal Nicknames
10
5-to-1: UK Sports Teams
Explore More
Trending Topics
Kpop
Crossword
Disney
NBA
Marvel
Anime
Harry Potter
Puzzle
The Office
WWE
NFL
Soccer
Pokémon
Country
Song
hide this ad
More By:
jpalmer7678
Quiz
Plays
Rating
Category
Featured
Created
2013 Masters Final Tournament Leaderboard
177
5.00
Sports
Apr 14, 2013
Current PGA Tour Winners
85
Sports
Feb 26, 2013
Courses on the PGA Tour 2013
80
Sports
Feb 26, 2013
2013 WGC Accenture Match Play Participants
51
Sports
Feb 21, 2013
Winners of The Honda Classic
24
Sports
Feb 25, 2013
Go to Creator's Profile
Score Distribution
Quiz Creator Spotlight
jpalmer7678
Follow
Send a Message
Quizzes Created
-
Created Quiz Play Count
-
More By This Creator
Popular Quizzes Today
1
Find the US States - No Outlines Minefield
2
Find the Countries of Europe - No Outlines Minefield
3
The Countries of the World
4
Find the US States
5
Risky Map Clicking: Biggest States A-Z
6
US States
7
Popular People in 1961
8
Movies - When Are They Set?
More Sports Quizzes
Men's Test Cricket: Most Prolific Players of 2001-2010
Quiz Lab
Trending Quizzes
Risky Map Clicking: Least Populous States A-Z
1-10 Letter G Words
1-10 Letter F Words
Countries of the World: 200 Million BC
Risky Map Clicking: Next State Alphabetically
Recently Updated
Beyoncé Albums
pecheneg
Leaping Animals
pecheneg
Reality TV Shows (A-Z)
bhenderson79
Rickey Henderson's Hall of Fame Teammates
pecheneg
Champions League XIs: Arsenal
pecheneg
Quick Pick: Celebrities in WWE's Hall of Fame
aduchscher
A-Z Keypad Blitz II
pecheneg
Multiple Oscar Actors
pecheneg
Mystery Phrase Blitz: Oscar 'Best Actors'
pecheneg
F. Scott Fitzgerald Novels
LTH
Trending Topics
Marvel
Crossword
Anime
Harry Potter
Disney
NBA
Kpop
The Office
Soccer
Puzzle
Song
Country
WWE
Pokémon
NFL
Your Account Isn't Verified!
In order to create a playlist on Sporcle, you need to verify the email address you used during registration. Go to your
Sporcle Settings
to finish the process.
Report this User
Report this user for behavior that violates our
Community Guidelines
.
Details:
Send Report
Go to the Sporcle.com Mobile Site →
Comments